Statistics for lesserafim discography

Click here to take the quiz!

General Stats

  • This quiz has been taken 116 times
  • The average score is 8 of 10

Answer Stats

% Correct
ANTIFRAGILEantifragile
98%
FEARLESSfearless
98%
impurities
87%
sour grapes
86%
blue flame
77%
the great mermaid
70%
good parts
68%
the hydra
67%
no celestial
66%
the world is my oyster
59%

Score Distribution

Percentile by Number Answered

Percent of People with Each Score

Your Score History

You have not taken this quiz